Statistics for Mental map builder I

Click here to take the quiz!

General Stats

  • This quiz has been taken 53 times
  • The average score is 11 of 12

Answer Stats

FromtoDirection % Correct
SeoulTokyoE
100%
TashkentDushanbeS
97%
KinshasaBrazzavilleN
92%
LimaQuitoN
92%
SuratMumbaiS
92%
AnkaraAlepppoSE
90%
TaipeiXi'anNW
87%
Phmon PehnFuzhouCongrats!
85%
PocatelloMilwaukeeE
85%
Minneapolis AlbuquerqueSW
85%
TbilisiLagosSW
85%
YokohamaKobeW
85%

Score Distribution

Percentile by Number Answered

Percent of People with Each Score

Your Score History

You have not taken this quiz